000 00708nam a22002657a 4500
999 _c33129
_d33129
001 2089
003 CO-MdFUSB
005 20190226111704.0
008 170811t19601990xxu||||| |||| 00| 0 eng d
020 _a0-06-067134-4
040 _aCO-MdFUSB
_bspa
_cCO-MdFUSB
_dCO-MdFUSBC
_erda
041 0 _aeng
082 0 4 _aG 221.95 S3871o
100 1 _aSchultz, Samuel J.
_eautor
245 4 _aThe Old Testament speaks
_c / Samuel J. Schultz
250 _a4
260 _a
264 4 _aSan Francisco, CA., USA :
_bHarper and Row,
_c©1960-1990
300 _aXII, 436 Pag
_c;
336 _2rdacontent
337 _2rdamedia
338 _2rdacarrier
653 _aBiblia A.T. - Historia sagrada
942 _cBK